LIBRARY & INFORMATION CENTRE, KCAET, TAVANUR

ONLINE PUBLIC ACCESS CATALOGUE (OPAC)

Recommendations to rejuvenate river Bharathapuzha using GIS and watershed simulation model (Record no. 15088)

MARC details
000 -LEADER
fixed length control field 01054nam a22002297a 4500
003 - CONTROL NUMBER IDENTIFIER
control field OSt
088 ## - REPORT NUMBER
Report number P 206
100 ## - MAIN ENTRY--AUTHOR NAME
Personal name AISWARYA K. P
245 ## - TITLE STATEMENT
Title Recommendations to rejuvenate river Bharathapuzha using GIS and watershed simulation model
260 ## - PUBLICATION, DISTRIBUTION, ETC. (IMPRINT)
Place of publication Tavanur 2009
Name of publisher Department of Land and Water Resources and Conservation Engineering
300 ## - PHYSICAL DESCRIPTION
Number of Pages 60
500 ## - GENERAL NOTE
General note Recommendations to rejuvenate river Bharathapuzha using GIS and watershed simulation model
520 ## - SUMMARY, ETC.
Summary, etc the main objectives of the study include modeling the topography of the river basin using GIS, to study existing flow pattern using wastershed simulation model and to suggest suitable interventions to improve the summer flow regime of river Bharathapuzha.
700 ## - ADDED ENTRY--PERSONAL NAME
Personal name Fathima Shimji
700 ## - ADDED ENTRY--PERSONAL NAME
Personal name Jishitha Ravindran
700 ## - ADDED ENTRY--PERSONAL NAME
Personal name Nitha K
700 ## - ADDED ENTRY--PERSONAL NAME
Personal name Rani P. R
700 ## - ADDED ENTRY--PERSONAL NAME
Personal name Er. K. K Sathian (Guide)
856 ## - ELECTRONIC LOCATION AND ACCESS
Uniform Resource Identifier https://drive.google.com/open?id=1k_uHKYBHrs_2hqyQyfS1odJthSLx_PfS
942 ## - ADDED ENTRY ELEMENTS (KOHA)
Koha item type Project Report
Holdings
Collection code Home library Current library Shelving location Full call number Accession Number Koha item type
Reference KAUAET KAUAET Reference 631.75807 AIS/RE P 206 Project Report
free website counter